Statistics for Car Quiz (Medium)

Click here to take the quiz!

General Stats

  • This quiz has been taken 25 times
  • The average score is 11 of 16

Answer Stats

Answer% Correct
Jeep
100%
Maserati
90%
Mercedes-Benz
90%
Mini
90%
Ram
90%
Lotus
80%
Mclaren
80%
Datsun
75%
Kia
70%
Koenigsegg
65%
Lincoln
60%
MG
45%
Opel
45%
Buick
35%
Alfa Romeo
30%
GAZ
30%

Score Distribution

Percentile by Number Answered

Percent of People with Each Score

Your Score History

You have not taken this quiz